000 00335nam a22001457a 4500
008 210528b ||||| |||| 00| 0 eng d
020 _a9780721688060
041 _aeng
080 _22nd
_a611.085
082 _a611.085
100 _a9
101 _aHIS
245 _aColor Textbook of Histology
_cLeslie P Gartner
942 _2udc
_cBK
999 _c57777
_d57777